<?xml version="1.0" encoding="UTF-8"?>
<record
    xmlns:xsi="http://www.w3.org/2001/XMLSchema-instance"
    xsi:schemaLocation="http://www.loc.gov/MARC21/slim http://www.loc.gov/standards/marcxml/schema/MARC21slim.xsd"
    xmlns="http://www.loc.gov/MARC21/slim">

  <leader>00829cam a22002411a 4500</leader>
  <controlfield tag="001">ne 63002415 </controlfield>
  <controlfield tag="003">DLC</controlfield>
  <controlfield tag="005">20260227111752.0</controlfield>
  <controlfield tag="008">911028s1962    ua       b    000 0 arar </controlfield>
  <datafield tag="010" ind1=" " ind2=" ">
    <subfield code="a">ne 63002415 </subfield>
  </datafield>
  <datafield tag="035" ind1=" " ind2=" ">
    <subfield code="a">(OCoLC)24633229</subfield>
  </datafield>
  <datafield tag="040" ind1=" " ind2=" ">
    <subfield code="a">DLC</subfield>
    <subfield code="c">MWalB</subfield>
    <subfield code="d">MWalB</subfield>
    <subfield code="d">DLC</subfield>
  </datafield>
  <datafield tag="042" ind1=" " ind2=" ">
    <subfield code="a">premarc</subfield>
  </datafield>
  <datafield tag="050" ind1="0" ind2="0">
    <subfield code="a">HF5549</subfield>
    <subfield code="b">.M87</subfield>
  </datafield>
  <datafield tag="100" ind1="1" ind2=" ">
    <subfield code="a">Murs&#x12B;, Sayyid &#x2BB;Abd al-&#x1E24;am&#x12B;d.</subfield>
  </datafield>
  <datafield tag="245" ind1="1" ind2="0">
    <subfield code="a">S&#x12B;kul&#x16B;zh&#x12B;yat al-mihan :</subfield>
    <subfield code="b">dir&#x101;sah &#x2BB;alam&#x12B;yah ta&#x1E6D;b&#x12B;q&#x12B;yah lil-mihan wa-atharh&#x101; f&#x12B; al-fard wa-al-mujtama&#x2BB; /</subfield>
    <subfield code="c">ta&#x2BC;l&#x12B;f Sayyid &#x2BB;Abd al-&#x1E24;am&#x12B;d Murs&#x12B;.</subfield>
  </datafield>
  <datafield tag="260" ind1=" " ind2=" ">
    <subfield code="a">al-Q&#x101;hirah :</subfield>
    <subfield code="b">D&#x101;r al-Nah&#x1E0D;ah al-&#x2BB;Arab&#x12B;yah,</subfield>
    <subfield code="c">1962.</subfield>
  </datafield>
  <datafield tag="300" ind1=" " ind2=" ">
    <subfield code="a">9, 493 p. ;</subfield>
    <subfield code="c">24 cm.</subfield>
  </datafield>
  <datafield tag="500" ind1=" " ind2=" ">
    <subfield code="a">Errata leaf inserted.</subfield>
  </datafield>
  <datafield tag="504" ind1=" " ind2=" ">
    <subfield code="a">Includes bibliographical references.</subfield>
  </datafield>
  <datafield tag="650" ind1=" " ind2="0">
    <subfield code="a">Personnel management.</subfield>
  </datafield>
  <datafield tag="650" ind1=" " ind2="0">
    <subfield code="a">Vocational guidance.</subfield>
  </datafield>
  <datafield tag="999" ind1=" " ind2=" ">
    <subfield code="c">46445</subfield>
    <subfield code="d">46445</subfield>
  </datafield>
</record>
